000 00816nam a2200205Ia 4500
005 20241129110146.0
008 241129s9999||||xx |||||||||||||| ||und||
037 _aTB
040 _aARTS
_bpun
_cARTS
041 _apun
_2pun
084 _aY15:451121.2 153R1
_qARTS
100 _aਸਿੱਧੂ, ਪਰਮਜੀਤ ਕੌਰ, ਚ।
245 0 _aਨਾਰੀ: ਸਮਾਜ ਸੰਸਕ੍ਰਿਤਕ ਪਰਿਪੇਖ ਅਤੇ ਪੰਜਾਬੀ ਸਾਹਿਤ
_cਸਿੱਧੂ, ਪਰਮਜੀਤ ਕੌਰ, ਚ।
260 _aਚੰਡੀਗੜ੍ਹ, ਭਾਰਤ
_bਚੰਡੀਗੜ੍ਹ ਯੂਨੀਸਟਾਰ
_c2021
300 _a142ਪ੍ਰ0
365 _aINR
_b295
650 _aSociologyWomenCrime
_9726383
942 _cTB
_hY15:451121.2 153R1
999 _c1227536
_d1227536